000 00557nam a2200193Ia 4500
005 20260429111852.0
008 260429s9999||||xx |||||||||||||| ||und||
020 _a9798887153216
041 _aEnglish
082 _a660.6078
_bPET
100 _aPetra, Cordelia
245 0 _aLaboratory techniques in biotechnology :
_bmethods and applications /
_cCordelia Petra
250 _a1st ed.
260 _aUnited Kingdom :
_bOryson Press,
_c2024.
300 _aviii, 300 p.; hb
650 _a Laboratory techniques
650 _aBiotechnology
942 _cTB
999 _c51209
_d51209